00730cam a22002291a 4500001001300000003000400013005001700017008004100034010001700075035001900092040002700111042001200138050002100150100003200171245004900203260004000252300002600292505011900318650002500437610002100462999001700483f 01001363 DLC20260227111240.0810918s1870 fr 000 0 fre  af 01001363  a(OCoLC)7771256 aDLCcNcWsWdNcWsWdDLC apremarc00aPQ2315b.G2 18701 aKarr, Alphonse,d1808-1890.14aLes gaietés romaines /cpar Alphonse Karr. aParis :bM. Lévy frères,c1870. a307, [1] p. ;c19 cm.0 aSur les conciles.-- Défense des évéques.-- Le rouge et les rouges.-- Dialogue des morts.-- De l'égalité. 0aCouncils and synods.20aCatholic Church. c22568d22568